<?xml version="1.0" encoding="UTF-8"?>
<marc:record xmlns:marc="http://www.loc.gov/MARC21/slim">
   <marc:leader>00000nam a2200000 a 4500</marc:leader>
   <marc:datafield ind1="0" ind2="0" tag="245">
      <marc:subfield code="a">3 Zimmer/ Küche/ Bad</marc:subfield>
   </marc:datafield>
   <marc:datafield ind1=" " ind2="1" tag="264">
      <marc:subfield code="a">München</marc:subfield>
      <marc:subfield code="b">Zorro Medien GmbH</marc:subfield>
      <marc:subfield code="c">2013</marc:subfield>
   </marc:datafield>
   <marc:datafield ind1="1" ind2=" " tag="490">
      <marc:subfield code="a">2</marc:subfield>
   </marc:datafield>
   <marc:datafield ind1="1" ind2=" " tag="520">
      <marc:subfield code="a">Acht Freunde helfen sich gegenseitig beim Umzug. Immer wieder, über ein ganzes Jahr. Quer durch Berlin, aber auch kreuz und quer durch Deutschland. Beziehungen gehen kaputt, neue Liebe blüht auf, manchmal blüht die Liebe auch nur auf einer Seite, und manchmal wissen auch die Eltern nicht mehr, wo es eigentlich langgeht.</marc:subfield>
   </marc:datafield>
   <marc:datafield ind1=" " ind2=" " tag="020">
      <marc:subfield code="a">4047179747387</marc:subfield>
      <marc:subfield code="9">4047179747387</marc:subfield>
   </marc:datafield>
   <marc:datafield ind1="0" ind2=" " tag="490">
      <marc:subfield code="v">0</marc:subfield>
   </marc:datafield>
   <marc:datafield ind1=" " ind2=" " tag="300">
      <marc:subfield code="a">114 Min.</marc:subfield>
   </marc:datafield>
</marc:record>
